000
00199nam a2200085 4500
001
1257327
005
20260211101331.0
245
_a
SU ALTINA YOLCULUK
_c
HEKİMOĞLU İSMAİL
260
_b
TİMAŞ YAYINLARI
999
_c
1257327
_d
1257327